000 00507nam a2200181Ia 4500
005 20250326124049.0
008 250326s9999 xx 000 0 und d
037 _aTextbook
040 _aFMSL
_beng
_cFMSL
041 _aeng
_2eng
084 _aX.1 L9;2
_qFMSL
100 _aWells S J
_9247966
245 0 _aInternational economics
_cWells S J; Brassloff E W
260 _aLondon
_bLondon, George Allen & Unwin
_c1979
300 _a363p
942 _cTB
_hX.1 L9;2
999 _c1272114
_d1272114